Vista normal
Vista MARC
Entrada Nombre corporativo
Número de registros utilizados en: 4
001 - NÚMERO DE CONTROL
- Campo de control: 5244
003 - IDENTIFICADOR DE NÚMERO DE CONTROL
- Campo de control: ES-MaCES
005 - FECHA Y HORA DE LA ULTIMA MODIFICACION
- Campo de control: 20160310133436.0
008 - ELEMENTOS DE DATOS DE LONGITUD FIJA
- Campo de longitud fija: 070907 | azznnaabn || ana d
035 ## - NÚMERO DE CONTROL DEL SISTEMA
- Número de control del sistema: CES20070002204e
040 ## - FUENTE DE LA CATALOGACIÓN
- Agencia original de catalogación: ES-MaCES
- Idioma de catalogación: spa
- Agencia de transcripción: ES-MaCES
110 2# - ENCABEZAMIENTO--NOMBRE CORPORATIVO
- Nombre corporativo o de jurisdicción como elemento de entrada: Universidad de Alcalá de Henares
- Unidad subordinada: Instituto de Análisis Económico y Social
410 2# - TRAZADO VEÁSE--NOMBRE CORPORATIVO
- Nombre corporativo o de jurisdicción como elemento de entrada: SERVILAB
410 2# - TRAZADO VEÁSE--NOMBRE CORPORATIVO
- Nombre corporativo o de jurisdicción como elemento de entrada: IAES
510 2# - TRAZADO VEÁSE ADEMÁS--NOMBRE CORPORATIVO
- Nombre corporativo o jurisdicción como elemento de entrada: Universidad de Alcalá de Henares
- Unidad subordinada: Laboratorio de Investigación del Sector Servicios
670 ## - FUENTE DE DATOS ENCONTRADOS
- Fuente de citación: www.servilab.org
- Información encontrada: : integrado en la Universidad de Alcalá de Henares, se creó en 1996 como Laboratorio de Investigación de las Actividades de Servicios (SERVILAB), pero posteriormente amplio su campo de interés, y pasó a denominarse, Instituto de Análisis Económico y Social
901 ## - CES. DATOS SIRTEX
- ID Sirtex (N5N8): 0001800006940
- 005BIS Sirtex: 200709071010ALORITE

